000 01489cam a2200361 a 4500
001 14560413
003 OSt
005 20240220130244.0
008 060920s2007 enka 001 0 eng
010 _a 2006031489
020 _a1845973496
020 _a9781849758765
035 _a(OCoLC)71790054
035 _a(OCoLC)ocm71790054
040 _aDLC
_cDLC
_dIG#
_dBAKER
_dBTCTA
_dVP@
_dSJL
_dDLC
050 0 0 _aNK2115.5.C6
_bB375 2007
082 0 0 _a747.94
_222
_bBAR
100 1 _aBartlett, Atlanta.
_9120817
245 1 0 _aAt home with white /
_cAtlanta Bartlett ; with words by Karena Callen ; photography by Polly Wreford.
260 _aLondon ;
_aNew York :
_bRyland Peters & Small,
_c2007.
300 _a134 p. :
_bcol. ill. ;
_c27 cm.
500 _aIncludes index.
650 0 _aWhite in interior decoration.
_9120818
700 1 _aCallen, Karena.
_9120819
700 1 _aWreford, Polly.
_9120820
856 4 1 _3Table of contents only
_uhttp://www.loc.gov/catdir/toc/ecip071/2006031489.html
856 4 2 _3Contributor biographical information
_uhttps://www.loc.gov/catdir/enhancements/fy1616/2006031489-b.html
856 4 2 _3Publisher description
_uhttps://www.loc.gov/catdir/enhancements/fy1616/2006031489-d.html
906 _a7
_bcbc
_corignew
_d1
_eecip
_f20
_gy-gencatlg
942 _2ddc
_cBK
_aSADA
_k747.94 BAR 2007
999 _c607893
_d607893